Human capital in Holland
Salvato in:
| Natura: | Libro |
|---|---|
| Lingua: | inglese |
| Pubblicazione: |
Rotterdam
Erasmus University
1983
|
| Serie: | Discussion Paper Series
8320/G |
| Tags: |
Nessun Tag, puoi essere il primo ad aggiungerne!!
|
MARC
| LEADER | 00000nam a2200000 4500 | ||
|---|---|---|---|
| 001 | c114174 | ||
| 005 | 20181203150325.8 | ||
| 041 | 0 | |a eng | |
| 044 | |a NL | ||
| 245 | 1 | 0 | |a Human capital in Holland |
| 264 | 1 | |a Rotterdam |b Erasmus University |c 1983 | |
| 300 | |a 40, 8 s. | ||
| 490 | 1 | |a Discussion Paper Series |v 8320/G | |
| 830 | 0 | |a Discussion Paper Series |v 8320/G | |